000 00372cam a22001217a 4500
008 180718b1965 xxu||||| |||| 00| 0 eng d
082 _aB123x43 Z17
100 _aZape, Von Wolfgang
245 _aBeitrage Zur analyse der deutschen Oberschicht
_cby Von Wolfgang Zape
260 _aVerlag Munchen
_bR. Piper
_c1965
300 _a167p
650 _aSocial classes -Germany (West)
999 _c417622
_d417622